| 000 | 01505cam a22003495a 4500 | ||
|---|---|---|---|
| 008 | 080304s2002 xxk f 000 0 eng u | ||
| 020 | _a0728203693 | ||
| 035 | _a(Sirsi) u115406 | ||
| 041 | _aeng | ||
| 050 | 0 | 4 | _a333.332 $2 18 |
| 100 | _aEnever, Nigel | ||
| 245 | 0 | 4 | _aThe valuation of property investments |
| 250 | _a6th ed. | ||
| 260 |
_aLondon _bEstates Gazette _c2002 |
||
| 300 |
_avii, 221p. _c22cm. |
||
| 350 | _a25 | ||
| 505 | 2 | _aInvestment -- The property market -- Determinations of value -- Lease terms -- Principles of valuation -- The mathematics of valuation and finance -- Rack-rented freeholds -- Leasehold interests -- Reversionary investments -- Further aspects of inflation and growth -- Investment risk -- Computer and statistical aids -- Investment strategy -- An overview | |
| 520 | _aCovers all major aspects of valuing various types of investment property, including problems of inflation and growth, the equated rent principle and the special problems of short leaseholds, reversionary investments and taxation implications. | ||
| 520 | _aSupersedes 5th ed. (1995) | ||
| 520 | _aSuperseded by 7th edition (ISBN 9780728205505). | ||
| 650 | _aCONSTANT RENT | ||
| 650 | _aFREEHOLD | ||
| 650 | _aINFLATION | ||
| 650 | _aINVESTMENT RISK | ||
| 650 | _aLEASEHOLD | ||
| 650 | _aPROPERTY INVESTMENT | ||
| 650 | _aPROPERTY MARKET | ||
| 651 | 4 |
_aUnited Kingdom _y |
|
| 690 | _aPROPERTY-PROPERTY APPRAISAL AND VALUATION | ||
| 700 | 1 | _aIsaac, D. | |
| 942 | _n0 | ||
| 999 |
_c101756 _d101756 |
||